[Event "London Central op"]
[Site "London"]
[Date "2022.11.06"]
[Round "4"]
[White "Chauhan, Pranay"]
[Black "Bonn, Thomas"]
[Result "0-1"]
[WhiteElo "1923"]
[BlackElo "2189"]
[PlyCount "98"]
[EventDate "2022.11.04"]
[EventType "swiss"]
[EventRounds "5"]
[EventCountry "ENG"]
[SourceTitle "EXT 2024"]
[Source "ChessBase"]
[SourceDate "2023.10.10"]
[SourceVersion "1"]
[SourceVersionDate "2023.10.10"]
[SourceQuality "1"]

1. Nf3 Nf6 2. g3 g6 3. d4 Bg7 4. c4 0-0 5. Bg2 d5 6. cxd5 Nxd5 7. 0-0 Nc6 8. Nc3 Nb6 9. d5 Na5 10. Qc2 e6 11. dxe6 Bxe6 12. Rd1 Qe7 13. Bf4 Qc5 14. Be3 Qb4 15. Bd4 Bf5 16. e4 Bg4 17. Bxg7 Kxg7 18. h3 Bxf3 19. Bxf3 Nc6 20. Ne2 Rad8 21. Rac1 a5 22. Bg2 a4 23. Kh2 Rfe8 24. Nf4 Rxd1 25. Rxd1 Qc4 26. Qxc4 Nxc4 27. Rd7 Re7 28. Rxe7 Nxe7 29. Nd3 Nc6 30. e5 N6xe5 31. Nxe5 Nxe5 32. Bxb7 Nd3 33. b3 a3 34. Be4 Nxf2 35. Bc2 f5 36. Kg2 Ne4 37. b4 Kf6 38. h4 Ke5 39. Kf3 h6 40. Ke3 Nxg3 41. Bb3 g5 42. hxg5 hxg5 43. Bc2 g4 44. b5 f4+ 45. Kd3 Ne4 46. Kc4 g3 47. Bxe4 Kxe4 48. Kc5 g2 49. Kc6 g1Q 0-1

[Event "London Central op"]
[Site "London"]
[Date "2022.11.05"]
[Round "2"]
[White "Chauhan, Pranay"]
[Black "Tozer, Philip AA"]
[Result "0-1"]
[WhiteElo "1923"]
[BlackElo "2082"]
[PlyCount "75"]
[EventDate "2022.11.04"]
[EventType "swiss"]
[EventRounds "5"]
[EventCountry "ENG"]
[SourceTitle "EXT 2024"]
[Source "ChessBase"]
[SourceDate "2023.10.10"]
[SourceVersion "1"]
[SourceVersionDate "2023.10.10"]
[SourceQuality "1"]

1. Nf3 Nf6 2. g3 b6 3. Bg2 Bb7 4. 0-0 e6 5. c4 c5 6. Nc3 Be7 7. d4 cxd4 8. Qxd4 0-0 9. e4 d6 10. b3 Nbd7 11. Bb2 a6 12. Rfd1 Qc7 13. Rac1 Rac8 14. Ne1 Qb8 15. Nc2 Rfd8 16. Ne3 Ba8 17. Qd3 Nc5 18. Qb1 b5 19. b4 Ncd7 20. cxb5 axb5 21. Qd3 Bc6 22. f4 Nb6 23. Nxb5 Na4 24. Rxc6 Rxc6 25. Nd4 Rcc8 26. Ba1 Qxb4 27. f5 Nc5 28. Qe2 e5 29. Ndc2 Qa4 30. Nc4 Ncxe4 31. N2e3 Qa7 32. Re1 Rc5 33. Kh1 Rdc8 34. Bb2 Rxc4 35. Nxc4 Rxc4 36. Bxe4 Rxe4 37. Qd2 Rxe1+ 38. Qxe1 0-1

[Event "London Central op"]
[Site "London"]
[Date "2022.11.05"]
[Round "3"]
[White "Lucchi, Lorenzo"]
[Black "Chauhan, Pranay"]
[Result "0-1"]
[WhiteElo "2111"]
[BlackElo "1923"]
[PlyCount "130"]
[EventDate "2022.11.04"]
[EventType "swiss"]
[EventRounds "5"]
[EventCountry "ENG"]
[SourceTitle "EXT 2024"]
[Source "ChessBase"]
[SourceDate "2023.10.10"]
[SourceVersion "1"]
[SourceVersionDate "2023.10.10"]
[SourceQuality "1"]

1. e4 e6 2. d3 d5 3. Nd2 Nf6 4. Ngf3 Be7 5. g3 c5 6. Bg2 Nc6 7. 0-0 Qc7 8. exd5 exd5 9. d4 cxd4 10. Nb3 0-0 11. Bf4 Qb6 12. Nfxd4 Bg4 13. f3 Bd7 14. Be3 Qc7 15. Nb5 Qd8 16. Nc3 Bf5 17. Qd2 Ne5 18. Bf2 Nc4 19. Qc1 Qc8 20. g4 Be6 21. Nb5 Rd8 22. Re1 Bf8 23. Nxa7 Rxa7 24. Bxa7 b6 25. Kh1 Rd7 26. g5 Ne8 27. Nd4 Rxa7 28. b3 Ncd6 29. Nxe6 fxe6 30. Qe3 Re7 31. Qxb6 Qxc2 32. a4 Qf5 33. a5 Rb7 34. Qe3 Nc7 35. a6 Rb8 36. a7 Ra8 37. Qb6 Ndb5 38. Rec1 Bd6 39. Qg1 Qf4 40. Rc6 d4 41. Rb6 Rxa7 42. Rxa7 Nxa7 43. Bf1 Nd5 44. Ra6 Bb8 45. Qg3 Qf8 46. Qg4 Ne3 47. Qxe6+ Kh8 48. Be2 Nb5 49. Rb6 Nc3 50. Qe7 Qg8 51. Bc4 Nxc4 52. bxc4 Bf4 53. Qd7 Qa8 54. Qb7 Qe8 55. Ra6 Qe1+ 56. Kg2 Qe2+ 57. Kh3 Qxh2+ 58. Kg4 Qg3+ 59. Kf5 Qxg5+ 60. Ke6 Qf6+ 61. Kd7 Qf7+ 62. Kc6 Qxc4+ 63. Kb6 Qb4+ 64. Ka7 Qxb7+ 65. Kxb7 h5 0-1

[Event "Leamington Spa 4NCL op-A 28th"]
[Site "Leamington Spa"]
[Date "2022.07.09"]
[Round "2"]
[White "Shenbagakumar, Gautham"]
[Black "Chauhan, Pranay"]
[Result "0-1"]
[WhiteElo "1741"]
[BlackElo "1941"]
[PlyCount "134"]
[EventDate "2022.07.08"]
[EventType "swiss"]
[EventRounds "5"]
[EventCountry "ENG"]
[SourceTitle "CBM 209 Extra"]
[Source "ChessBase"]
[SourceDate "2022.09.30"]
[SourceVersion "1"]
[SourceVersionDate "2022.09.30"]
[SourceQuality "1"]

1. e4 e6 2. d4 d5 3. Nc3 Bb4 4. e5 Ne7 5. a3 Bxc3+ 6. bxc3 c5 7. Qg4 Qc7 8. Qxg7 Rg8 9. Qxh7 cxd4 10. Qd3 dxc3 11. f4 Bd7 12. Ne2 Nbc6 13. h3 d4 14. Nxd4 Nxd4 15. Qxd4 Nf5 16. Qf2 Qc6 17. Rh2 Qe4+ 18. Qe2 Qa4 19. Qc4 Nd4 20. Qxa4 Bxa4 21. Kf2 Nxc2 22. Rb1 0-0-0 23. g4 Nd4 24. Be3 Nb3 25. Kg3 Nd2 26. Rc1 Kb8 27. Bg2 Rd3 28. Kf2 Nb3 29. Re1 c2 30. Be4 Rxe3 31. Kxe3 c1Q+ 32. Rxc1 Nxc1 33. Rb2 Nb3 34. f5 Nc5 35. Kd4 Nxe4 36. Kxe4 Rh8 37. Rh2 Kc7 38. h4 exf5+ 39. Kxf5 Bd7+ 40. Kf4 Be6 41. h5 b5 42. g5 a5 43. h6 Kb6 44. Rg2 Kc5 45. g6 fxg6 46. Rxg6 Ba2 47. e6 Kd6 48. Kg5 Bxe6 49. Kf6 Rh7 50. Kg5 Ke5 51. Rf6 Bc4 52. Ra6 a4 53. Ra8 Kd4 54. Rd8+ Kc3 55. Kg6 Rc7 56. h7 Rxh7 57. Kxh7 Kb3 58. Kg6 Kxa3 59. Kf5 Kb2 60. Ke4 a3 61. Kd4 a2 62. Ra8 a1Q 63. Rxa1 Kxa1 64. Kc3 Ka2 65. Kb4 Kb2 66. Kc5 Kc3 67. Kb6 b4 0-1

[Event "London Mill Hill op U2200"]
[Site "London"]
[Date "2021.11.28"]
[Round "4"]
[White "Roberts, Mike"]
[Black "Chauhan, Pranay"]
[Result "1-0"]
[WhiteElo "1923"]
[BlackElo "1941"]
[PlyCount "75"]
[EventDate "2021.11.27"]
[EventType "swiss"]
[EventRounds "5"]
[EventCountry "ENG"]
[SourceTitle "EXT 2023"]
[Source "ChessBase"]
[SourceDate "2022.10.05"]
[SourceVersion "1"]
[SourceVersionDate "2022.10.05"]
[SourceQuality "1"]

1. e4 e6 2. d3 d5 3. Nd2 Nf6 4. g3 b6 5. Bg2 Bb7 6. Qe2 Be7 7. Ngf3 Nc6 8. c3 Qd7 9. 0-0 0-0-0 10. e5 Ne8 11. d4 g5 12. b4 h5 13. b5 Nb8 14. Rd1 g4 15. Ne1 Ng7 16. Nb3 Nf5 17. Bf4 Rdg8 18. Rac1 h4 19. c4 hxg3 20. fxg3 dxc4 21. Rxc4 Bd5 22. Rdc1 Bd8 23. Qc2 Ne7 24. a4 Bxc4 25. Qxc4 Nd5 26. Nd3 Be7 27. Bxd5 exd5 28. Qc3 Rh5 29. e6 fxe6 30. Qxc7+ Qxc7 31. Rxc7+ Kd8 32. Rxa7 Rgh8 33. Bxb8 Rxh2 34. Nf2 Bb4 35. Bc7+ Kc8 36. Bxb6 Kb8 37. Nc5 R8h5 38. Na6+ 1-0

[Event "London Mill Hill op U2200"]
[Site "London"]
[Date "2021.11.28"]
[Round "5"]
[White "White, David J"]
[Black "Chauhan, Pranay"]
[Result "0-1"]
[WhiteElo "1871"]
[BlackElo "1941"]
[PlyCount "69"]
[EventDate "2021.11.27"]
[EventType "swiss"]
[EventRounds "5"]
[EventCountry "ENG"]
[SourceTitle "EXT 2023"]
[Source "ChessBase"]
[SourceDate "2022.10.05"]
[SourceVersion "1"]
[SourceVersionDate "2022.10.05"]
[SourceQuality "1"]

1. e4 e6 2. d4 d5 3. e5 c5 4. c3 Nc6 5. Nf3 Bd7 6. Bd3 cxd4 7. cxd4 Qb6 8. 0-0 Nxd4 9. Nxd4 Qxd4 10. Nc3 a6 11. Qe2 Ne7 12. Kh1 Nc6 13. f4 Bc5 14. Bd2 Nb4 15. Rf3 Ba7 16. Rd1 Nxd3 17. Rxd3 Qf2 18. Qg4 g6 19. Qg5 Bc6 20. Ne4 Qb6 21. Nf6+ Kf8 22. Qh6+ Ke7 23. Rb3 Qf2 24. Bb4+ Kd8 25. Ne4 Qc2 26. Qg5+ Kc8 27. Nd6+ Kb8 28. Re1 d4 29. Nxf7 Rg8 30. Bd6+ Kc8 31. Qg4 Bd5 32. Rh3 d3 33. Ng5 h5 34. Qg3 Bf2 35. Qxd3 0-1

[Event "London Mill Hill op U2200"]
[Site "London"]
[Date "2021.11.27"]
[Round "3"]
[White "Chauhan, Pranay"]
[Black "Pandit, Kabir"]
[Result "1-0"]
[WhiteElo "1941"]
[BlackElo "1826"]
[PlyCount "59"]
[EventDate "2021.11.27"]
[EventType "swiss"]
[EventRounds "5"]
[EventCountry "ENG"]
[SourceTitle "EXT 2023"]
[Source "ChessBase"]
[SourceDate "2022.10.05"]
[SourceVersion "1"]
[SourceVersionDate "2022.10.05"]
[SourceQuality "1"]

1. Nf3 d5 2. g3 Bf5 3. Bg2 h6 4. c4 dxc4 5. 0-0 c6 6. Na3 Nf6 7. Nxc4 Nbd7 8. d3 e6 9. e4 Bg4 10. h3 Bh5 11. Qc2 Nc5 12. Nfe5 b5 13. Ne3 Qd4 14. f4 Rc8 15. g4 Bg6 16. Kh1 Bh7 17. Bd2 Be7 18. Bc3 Qa4 19. b3 Qa6 20. f5 0-0 21. d4 Ncd7 22. Qf2 Qb6 23. h4 Nxe5 24. dxe5 Nd7 25. Qg3 Qd8 26. f6 gxf6 27. exf6 Bxf6 28. Rxf6 Qxf6 29. Bxf6 Nxf6 30. Qf4 1-0

[Event "London Mill Hill op U2200"]
[Site "London"]
[Date "2021.11.27"]
[Round "2"]
[White "Faulkner, Martin J"]
[Black "Chauhan, Pranay"]
[Result "1-0"]
[WhiteElo "1814"]
[BlackElo "1941"]
[PlyCount "133"]
[EventDate "2021.11.27"]
[EventType "swiss"]
[EventRounds "5"]
[EventCountry "ENG"]
[SourceTitle "EXT 2023"]
[Source "ChessBase"]
[SourceDate "2022.10.05"]
[SourceVersion "1"]
[SourceVersionDate "2022.10.05"]
[SourceQuality "1"]

1. c4 Nf6 2. Nc3 c5 3. Nf3 g6 4. d4 Bg7 5. e4 cxd4 6. Nxd4 d6 7. Be2 0-0 8. 0-0 Nc6 9. Be3 Bd7 10. Rc1 Rc8 11. f3 a6 12. Qd2 Nxd4 13. Bxd4 Qa5 14. Rfd1 Rfe8 15. Kh1 b5 16. Bxf6 Bxf6 17. Nd5 Qxd2 18. Nxf6+ exf6 19. Rxd2 bxc4 20. Rxd6 Bb5 21. Rd2 Red8 22. Rdc2 Kg7 23. Kg1 Rb8 24. Bf1 Re8 25. Rd2 Rec8 26. Kf2 Rc5 27. Rc3 Rbc8 28. Kg3 f5 29. exf5 Rxf5 30. Rdc2 Rfc5 31. Rc1 R5c6 32. Kf2 Kf6 33. f4 h6 34. Be2 Kg7 35. Rd1 Rf6 36. Kg3 g5 37. fxg5 hxg5 38. Rd4 Rfc6 39. Rd5 Kg6 40. Kg4 f6 41. Bd1 R6c7 42. Bc2+ Kg7 43. Bf5 Rh8 44. Kg3 Re7 45. h3 Re2 46. Rc2 Rhe8 47. Rdd2 R2e5 48. Rf2 Re3+ 49. Kh2 R8e5 50. Bg4 Rc5 51. Rfe2 Rxe2 52. Bxe2 Kf7 53. Kg3 Ke7 54. Rc3 Kd6 55. Bg4 Rd5 56. Rc2 Rd3+ 57. Kf2 Kd5 58. Re2 c3 59. bxc3 Rxc3 60. Rd2+ Kc5 61. Be6 Bc6 62. Bb3 Be4 63. Rd8 Kb4 64. Rd4+ Ka3 65. Rxe4 a5 66. Ra4+ Kb2 67. Rxa5 1-0

[Event "GBR-ch Major 104th"]
[Site "Llandudno"]
[Date "2017.08.04"]
[Round "7"]
[White "Chauhan, Pranay"]
[Black "Edwards, Simon R"]
[Result "1/2-1/2"]
[WhiteElo "1769"]
[BlackElo "1973"]
[PlyCount "60"]
[EventDate "2017.07.29"]
[EventType "swiss"]
[EventRounds "9"]
[EventCountry "WLS"]
[SourceTitle "CBM 179 Extra"]
[Source "ChessBase"]
[SourceDate "2017.08.23"]
[SourceVersion "1"]
[SourceVersionDate "2017.08.23"]
[SourceQuality "1"]

1. d4 Nf6 2. Nc3 d5 3. Bf4 Bf5 4. e3 e6 5. Bd3 Bxd3 6. Qxd3 Bd6 7. Qb5+ Nc6 8. Qxb7 Nb4 9. Qb5+ c6 10. Qe2 Bxf4 11. exf4 Qa5 12. Nf3 0-0 13. 0-0 c5 14. Rfd1 Rab8 15. Ne5 cxd4 16. Rxd4 Qc5 17. Rad1 Rfc8 18. g4 Nxa2 19. Nxa2 Rxb2 20. Qa6 Rxc2 21. Nb4 Rc1 22. Rxc1 Qxc1+ 23. Kg2 Rc7 24. Qb5 h6 25. Nbc6 Kh7 26. f5 exf5 27. gxf5 Qg5+ 28. Kf1 Qc1+ 29. Kg2 Qg5+ 30. Kf1 Qc1+ 1/2-1/2

[Event "GBR-ch Major 104th"]
[Site "Llandudno"]
[Date "2017.08.03"]
[Round "6"]
[White "Ruane, Brendan J"]
[Black "Chauhan, Pranay"]
[Result "1/2-1/2"]
[WhiteElo "1857"]
[BlackElo "1769"]
[PlyCount "138"]
[EventDate "2017.07.29"]
[EventType "swiss"]
[EventRounds "9"]
[EventCountry "WLS"]
[SourceTitle "CBM 179 Extra"]
[Source "ChessBase"]
[SourceDate "2017.08.23"]
[SourceVersion "1"]
[SourceVersionDate "2017.08.23"]
[SourceQuality "1"]

1. Nf3 e6 2. g3 Nf6 3. c4 d5 4. Bg2 Be7 5. 0-0 0-0 6. b3 c6 7. Bb2 Nbd7 8. Qc2 Re8 9. d3 Bf8 10. Nbd2 g6 11. Rac1 Bg7 12. e4 dxe4 13. dxe4 e5 14. c5 Qe7 15. b4 Rf8 16. Nc4 Ne8 17. Na5 Nc7 18. Qb1 a6 19. Qa1 f5 20. Rce1 f4 21. Nc4 Re8 22. Nd6 Rf8 23. Bh3 Nb5 24. Nxc8 Raxc8 25. Rd1 Rcd8 26. a4 Nc7 27. Rxd7 Rxd7 28. Bxd7 Qxd7 29. Bxe5 Ne8 30. Qa2+ Kh8 31. Bxg7+ Nxg7 32. Qd2 Qg4 33. Qd6 Ne6 34. Nd4 Re8 35. f3 Qh3 36. Nxe6 Qxe6 37. Qxe6 Rxe6 38. gxf4 Rf6 39. Rd1 Rxf4 40. Rd7 Rxf3 41. Rxb7 Ra3 42. e5 Kg8 43. Kf2 Rxa4 44. e6 Kf8 45. Ke3 Ra1 46. Rxh7 Re1+ 47. Kd4 Rxe6 48. Rd7 Re2 49. Rd6 Rxh2 50. Rxg6 Ke7 51. Rxc6 Ra2 52. Rc7+ Kd8 53. Ra7 Ra4 54. Kc3 Kc8 55. c6 Kb8 56. Rb7+ Kc8 57. Kb2 Kd8 58. Kb3 Ra1 59. Kc4 Kc8 60. Kc5 Ra2 61. Kb6 Ra4 62. Ka7 Ra1 63. Rb6 Ra4 64. Rb7 Ra1 65. Kb6 Ra4 66. Kc5 Ra1 67. Rg7 Rb1 68. c7 Rh1 69. Kb6 Rh6+ 1/2-1/2

[Event "BCF-ch U16"]
[Site "Llandudno"]
[Date "2017.08.02"]
[Round "4"]
[White "Chauhan, Pranay"]
[Black "Jain, Gautam"]
[Result "1/2-1/2"]
[WhiteElo "1769"]
[BlackElo "1812"]
[PlyCount "103"]
[EventDate "2017.07.30"]
[EventType "swiss"]
[EventRounds "7"]
[EventCountry "WLS"]
[SourceTitle "CBM 179 Extra"]
[Source "ChessBase"]
[SourceDate "2017.08.23"]
[SourceVersion "1"]
[SourceVersionDate "2017.08.23"]
[SourceQuality "1"]

1. d4 f5 2. Nc3 Nf6 3. Bg5 d5 4. Bxf6 exf6 5. e3 c6 6. Bd3 Bd6 7. Qf3 g6 8. Nge2 b6 9. Nf4 Ba6 10. 0-0-0 Bxd3 11. Rxd3 Na6 12. h3 Qd7 13. g4 fxg4 14. hxg4 0-0-0 15. Rdd1 f5 16. g5 Nc7 17. Rh6 Ne6 18. Nxe6 Qxe6 19. Rdh1 Qe7 20. Qg2 Rdf8 21. R1h3 Kb8 22. f4 Kb7 23. Qh1 Rf7 24. Nd1 Rg7 25. Kd2 Bc7 26. Nf2 Qb4+ 27. Kc1 Qe7 28. Nd3 Kb8 29. a3 a5 30. Kd2 Re8 31. c3 Qe4 32. Qg1 Ree7 33. Nf2 Qe6 34. Nh1 c5 35. Ng3 cxd4 36. cxd4 Qd7 37. Qf1 Qa4 38. Qd3 b5 39. Ne2 Qc4 40. Qxc4 bxc4 41. Nc3 Rd7 42. Na4 Bd6 43. Kc2 Kb7 44. Rh1 Kc6 45. R1h3 Rb7 46. R6h4 Rge7 47. Rh6 Rb3 48. Nc3 Rbb7 49. Na4 Rb3 50. Nc3 Rbb7 51. Na4 Rb3 52. Nc3 1/2-1/2

[Event "BCF-chT4 1516 (4NCL)"]
[Site "England"]
[Date "2016.03.19"]
[Round "8.99"]
[White "Chauhan, Pranay"]
[Black "Green, Emily"]
[Result "0-1"]
[WhiteElo "1915"]
[BlackElo "1765"]
[PlyCount "168"]
[EventDate "2015.11.14"]
[EventType "team-swiss"]
[EventRounds "11"]
[EventCountry "ENG"]
[SourceTitle "EXT 2017"]
[Source "ChessBase"]
[SourceDate "2016.10.25"]
[SourceVersion "1"]
[SourceVersionDate "2016.10.25"]
[SourceQuality "1"]
[WhiteTeam "Barnet Knights"]
[BlackTeam "Midland Monarchs II"]
[WhiteTeamCountry "ENG"]
[BlackTeamCountry "ENG"]

1. d4 Nf6 2. Bf4 g6 3. e3 Bg7 4. Nd2 c5 5. c3 cxd4 6. exd4 d5 7. Bd3 Nc6 8. h3 0-0 9. Ngf3 Re8 10. 0-0 b6 11. Re1 Bb7 12. Ne5 Nd7 13. Nxd7 Qxd7 14. Nf3 Rac8 15. Qe2 e6 16. Rad1 Qe7 17. h4 Rcd8 18. h5 Rc8 19. g3 Rcd8 20. Kg2 Bf6 21. hxg6 fxg6 22. Qe3 Qf7 23. Ne5 Nxe5 24. Bxe5 Bc6 25. Rh1 Bxe5 26. Qxe5 Qg7 27. Rde1 Qxe5 28. Rxe5 Kg7 29. g4 Rd7 30. g5 Rf7 31. Rhe1 Rfe7 32. Kg3 Kf7 33. Be2 Bd7 34. Bg4 Bc8 35. R1e3 Rf8 36. c4 dxc4 37. d5 Rfe8 38. Rf3+ Kg7 39. Rf6 Rf7 40. Rf4 Rxf4 41. Kxf4 Rf8+ 42. Ke3 exd5 43. Bxc8 Rxc8 44. Kd4 Kf7 45. Rxd5 Rc7 46. Re5 Rd7+ 47. Kc3 Rd3+ 48. Kxc4 Rd2 49. Rd5 Rxb2 50. Rd7+ Kg8 51. Rxa7 Rxf2 52. Ra8+ Kf7 53. Ra6 Rb2 54. Kc3 Rb5 55. a4 Rb1 56. Kc2 Rb4 57. Kc3 Rg4 58. Rxb6 Rxa4 59. Rb7+ Ke6 60. Rxh7 Kf5 61. Kd3 Kxg5 62. Ke3 Kg4 63. Kf2 g5 64. Rg7 Ra2+ 65. Kg1 Kf4 66. Rf7+ Kg3 67. Kf1 g4 68. Rg7 Ra4 69. Rg8 Kf3 70. Rf8+ Kg3 71. Rg8 Ra1+ 72. Ke2 Rg1 73. Rg7 Kh2 74. Rh7+ Kg2 75. Rg7 g3 76. Rg8 Ra1 77. Rg7 Kh2 78. Rh7+ Kg1 79. Rg7 g2 80. Rh7 Ra2+ 81. Ke1 Ra4 82. Re7 Rg4 83. Ke2 Kh2 84. Kf3 Rg3+ 0-1

[Event "BCF-ch U14"]
[Site "Coventry"]
[Date "2015.08.07"]
[Round "7"]
[White "Chauhan, Pranay"]
[Black "Camp, Imogen AL"]
[Result "1-0"]
[WhiteElo "1550"]
[BlackElo "1551"]
[PlyCount "53"]
[EventDate "2015.08.02"]
[EventType "swiss"]
[EventRounds "7"]
[EventCountry "ENG"]
[SourceTitle "CBM 167 Extra"]
[Source "ChessBase"]
[SourceDate "2015.09.14"]
[SourceVersion "1"]
[SourceVersionDate "2015.09.14"]
[SourceQuality "1"]

1. Nf3 d5 2. g3 Nf6 3. Bg2 Bf5 4. c4 c6 5. 0-0 e6 6. cxd5 exd5 7. d3 Bd6 8. Nc3 0-0 9. Re1 Re8 10. e4 dxe4 11. dxe4 Nxe4 12. Nh4 Nxc3 13. Rxe8+ Qxe8 14. bxc3 Na6 15. Nxf5 Bc5 16. Be3 Qe5 17. Qc2 g6 18. Nd4 Rd8 19. Rb1 Bb6 20. Bxc6 bxc6 21. Nxc6 Qe8 22. Nxd8 Bxe3 23. fxe3 Qxd8 24. Rd1 Qb6 25. Qd3 Qe6 26. c4 Nc5 27. Qd8+ 1-0

[Event "BCF-ch U14"]
[Site "Coventry"]
[Date "2015.08.02"]
[Round "1"]
[White "Chauhan, Pranay"]
[Black "Ramaiya, Anshu"]
[Result "1/2-1/2"]
[WhiteElo "1550"]
[BlackElo "1774"]
[PlyCount "169"]
[EventDate "2015.08.02"]
[EventType "swiss"]
[EventRounds "7"]
[EventCountry "ENG"]
[SourceTitle "CBM 167 Extra"]
[Source "ChessBase"]
[SourceDate "2015.09.14"]
[SourceVersion "1"]
[SourceVersionDate "2015.09.14"]
[SourceQuality "1"]

1. Nf3 f5 2. g3 Nf6 3. Bg2 g6 4. d4 Bg7 5. c4 d6 6. Nc3 c6 7. 0-0 0-0 8. Qc2 Qc7 9. e4 fxe4 10. Nxe4 Nxe4 11. Qxe4 Bf5 12. Qe2 Bg4 13. Rd1 Nd7 14. h3 Bxf3 15. Bxf3 e5 16. d5 c5 17. a3 Nb6 18. Be3 Nxc4 19. Qxc4 Rxf3 20. b4 b6 21. Rac1 Rff8 22. bxc5 bxc5 23. Qg4 Rfe8 24. Qa4 Rab8 25. Bg5 h6 26. Be3 Rec8 27. Qe4 Qf7 28. Qa4 Rb7 29. Qa6 Bf8 30. Rb1 Rcb8 31. Rxb7 Rxb7 32. Qc4 Qf5 33. Kg2 Kg7 34. Qa6 Qd7 35. Qc4 Qb5 36. Qh4 Kh7 37. Qf6 Qe8 38. Qh4 Qe7 39. Qe4 Qc7 40. h4 Qd7 41. Rh1 Qf5 42. Qc4 h5 43. Rd1 Be7 44. Qa6 Qd7 45. Qd3 Qb5 46. Qe4 Kg7 47. g4 Qd7 48. gxh5 Qf5 49. h6+ Kh7 50. Qa4 e4 51. Qc2 Qf3+ 52. Kh2 Bxh4 53. Rb1 Rf7 54. Rb2 Bf6 55. Rb3 Bd4 56. Kg1 Qg4+ 57. Kf1 Qh3+ 58. Ke1 Qh1+ 59. Ke2 Qh5+ 60. Ke1 Qxd5 61. Qd1 Qe5 62. Qg4 Bxe3 63. Rxe3 Qf5 64. Qxe4 Qxe4 65. Rxe4 Kxh6 66. Re6 Rd7 67. Kd2 Kg5 68. Kd3 Kf5 69. Re8 d5 70. Rc8 c4+ 71. Kd4 Ke6 72. Rc6+ Rd6 73. Rc5 a6 74. a4 g5 75. a5 Kf5 76. Rc8 Ke6 77. Rc7 g4 78. Rg7 Kf5 79. Re7 Kf6 80. Re3 Re6 81. Rg3 Kf5 82. Kxd5 Re5+ 83. Kxc4 Rxa5 84. f3 Ra4+ 85. Kb3 1/2-1/2

[Event "BCF-ch U13"]
[Site "Aberystwyth"]
[Date "2014.07.26"]
[Round "7"]
[White "Chauhan, Pranay"]
[Black "Huang, Dion"]
[Result "1-0"]
[WhiteElo "142"]
[BlackElo "174"]
[PlyCount "131"]
[EventDate "2014.07.22"]
[EventType "swiss"]
[EventRounds "7"]
[EventCountry "WLS"]
[SourceTitle "CBM 161 Extra"]
[Source "ChessBase"]
[SourceDate "2014.08.29"]
[SourceVersion "1"]
[SourceVersionDate "2014.08.29"]
[SourceQuality "1"]

1. d4 Nf6 2. Nf3 g6 3. c4 Bg7 4. g3 0-0 5. Bg2 d6 6. Nc3 c6 7. 0-0 Qa5 8. Qc2 e5 9. Rd1 exd4 10. Nxd4 Re8 11. Bf4 Rd8 12. a3 Qh5 13. Nf3 d5 14. Qb3 Na6 15. cxd5 cxd5 16. Ne5 Re8 17. Nd3 g5 18. Bd2 d4 19. Nb5 Rxe2 20. Nxd4 Re8 21. Re1 Rd8 22. Nf3 Bf5 23. Nde5 Ne4 24. g4 Nxd2 25. Nxd2 Bxg4 26. Ndf3 Nc5 27. Qc4 Nd3 28. Nxd3 Bxf3 29. Bxf3 Qxf3 30. Re3 Qc6 31. Qb3 Qb6 32. Qa4 Rac8 33. Rae1 Bf8 34. Qg4 Qf6 35. Ne5 Qg7 36. Rg3 f6 37. Qe6+ Kh8 38. Nf7+ Qxf7 39. Qxf7 Bg7 40. Rge3 Rf8 41. Re8 h6 42. Rxc8 Rxc8 43. Re8+ Rxe8 44. Qxe8+ Kh7 45. Qe4+ f5 46. Qxf5+ Kg8 47. Qc8+ Kh7 48. Qxb7 Kg6 49. Qxa7 Bxb2 50. Qb6+ Bf6 51. a4 g4 52. a5 g3 53. hxg3 h5 54. a6 h4 55. a7 hxg3 56. fxg3 Kg7 57. Qxf6+ Kxf6 58. a8Q Kg7 59. Qc6 Kh7 60. Qf6 Kg8 61. Qe7 Kh8 62. g4 Kg8 63. g5 Kh8 64. g6 Kg8 65. Qf7+ Kh8 66. Qh7# 1-0

[Event "BCF-ch U13"]
[Site "Aberystwyth"]
[Date "2014.07.25"]
[Round "5"]
[White "Chauhan, Pranay"]
[Black "Bains Gillespie, Ethan"]
[Result "1/2-1/2"]
[WhiteElo "142"]
[BlackElo "128"]
[PlyCount "88"]
[EventDate "2014.07.22"]
[EventType "swiss"]
[EventRounds "7"]
[EventCountry "WLS"]
[SourceTitle "CBM 161 Extra"]
[Source "ChessBase"]
[SourceDate "2014.08.29"]
[SourceVersion "1"]
[SourceVersionDate "2014.08.29"]
[SourceQuality "1"]

1. d4 d5 2. Nf3 Nf6 3. Bf4 e6 4. e3 c5 5. c3 Nc6 6. Nbd2 Bd6 7. Ne5 Bxe5 8. dxe5 Nd7 9. Nf3 0-0 10. c4 Nb6 11. a3 Ne7 12. Qc2 dxc4 13. Bxc4 Nxc4 14. Qxc4 b6 15. 0-0 Bb7 16. Rfd1 Qc7 17. e4 Ng6 18. Bg3 Qc6 19. Ng5 Rfd8 20. Rd6 Qc7 21. Rad1 Rxd6 22. Rxd6 Rd8 23. Qd3 Rxd6 24. exd6 Qd7 25. e5 h6 26. Ne4 Bxe4 27. Qxe4 Ne7 28. f3 Nd5 29. Qc4 Kf8 30. b4 cxb4 31. axb4 g6 32. b5 Kg7 33. Qc6 Qd8 34. Qb7 Kf8 35. h3 Ke8 36. Qxa7 Nc3 37. Qa6 Ne2+ 38. Kh2 Nxg3 39. d7+ Kxd7 40. Qb7+ Ke8 41. Qc6+ Kf8 42. Kxg3 Qg5+ 43. Kf2 Qd2+ 44. Kf1 Qd1+ 1/2-1/2

[Event "BCF-ch U13"]
[Site "Aberystwyth"]
[Date "2014.07.25"]
[Round "6"]
[White "Nayak, Raghav"]
[Black "Chauhan, Pranay"]
[Result "0-1"]
[WhiteElo "134"]
[BlackElo "142"]
[PlyCount "102"]
[EventDate "2014.07.22"]
[EventType "swiss"]
[EventRounds "7"]
[EventCountry "WLS"]
[SourceTitle "CBM 161 Extra"]
[Source "ChessBase"]
[SourceDate "2014.08.29"]
[SourceVersion "1"]
[SourceVersionDate "2014.08.29"]
[SourceQuality "1"]

1. f4 Nf6 2. Nf3 c5 3. e3 d6 4. b3 g6 5. Bb2 Bg7 6. d3 Nc6 7. Be2 Qc7 8. 0-0 e5 9. Nh4 Bd7 10. f5 Nd5 11. Bc1 e4 12. c3 Nxc3 13. Nxc3 Bxc3 14. Rb1 g5 15. Qc2 Be5 16. Nf3 exf3 17. Bxf3 Nb4 18. Qd2 Bb5 19. Be2 0-0-0 20. a3 Nd5 21. Bb2 Bxb2 22. Rxb2 Qe7 23. e4 Nf4 24. b4 Nxe2+ 25. Qxe2 Qe5 26. bxc5 Bxd3 27. Qxd3 Qxb2 28. cxd6 Qb6+ 29. Kh1 Qxd6 30. Qc4+ Qc7 31. Qb3 f6 32. Qe6+ Kb8 33. Qxf6 Qc4 34. Re1 Rhe8 35. e5 Qc3 36. Rf1 Qxe5 37. Qxg5 Qe2 38. Qf4+ Ka8 39. f6 Rd1 40. Rg1 Rxg1+ 41. Kxg1 Qe1+ 42. Qf1 Qxf1+ 43. Kxf1 Rf8 44. g4 Rxf6+ 45. Kg2 Kb8 46. Kg3 Kc7 47. h4 Kd6 48. g5 Rg6 49. Kg4 Ke5 50. h5 Rg8 51. a4 a5 0-1

[Event "BCF-ch U13"]
[Site "Aberystwyth"]
[Date "2014.07.22"]
[Round "1"]
[White "Chauhan, Pranay"]
[Black "Balouka Myers, Reuben"]
[Result "1-0"]
[WhiteElo "142"]
[BlackElo "124"]
[PlyCount "125"]
[EventDate "2014.07.22"]
[EventType "swiss"]
[EventRounds "7"]
[EventCountry "WLS"]
[SourceTitle "CBM 161 Extra"]
[Source "ChessBase"]
[SourceDate "2014.08.29"]
[SourceVersion "1"]
[SourceVersionDate "2014.08.29"]
[SourceQuality "1"]

1. d4 f5 2. Nc3 g6 3. h4 Nf6 4. h5 Nxh5 5. e4 Ng7 6. Bh6 d6 7. exf5 Bxf5 8. d5 e5 9. g4 Bc8 10. Ne4 Nd7 11. Qf3 Qe7 12. Nh3 Qf7 13. Qxf7+ Kxf7 14. Nhg5+ Ke7 15. Bxg7 Bxg7 16. Ne6 c6 17. c4 cxd5 18. cxd5 Bf8 19. Nc7 Rb8 20. Nb5 Nf6 21. Nexd6 Bxg4 22. Nc4 a6 23. d6+ Ke6 24. Nc7+ Kf5 25. Ne3+ Kg5 26. Nxg4 Nxg4 27. Nd5 e4 28. Nc3 Nf6 29. 0-0-0 Rd8 30. Rg1+ Kh6 31. d7 Rxd7 32. Rxd7 Nxd7 33. Nxe4 Nc5 34. Ng5 Kg7 35. b4 Nd7 36. Ne6+ Kf6 37. Nc7 Nb6 38. Bg2 Bd6 39. Nd5+ Nxd5 40. Bxd5 Bxb4 41. Bxb7 a5 42. Rg3 Re8 43. Rf3+ Kg7 44. Kc2 Re2+ 45. Kb3 Bc5 46. Rd3 Rxf2 47. a3 Rf1 48. Ka4 Ra1 49. Bc6 h5 50. Be8 Kh6 51. Rh3 Be7 52. Re3 Bd8 53. Re6 Rg1 54. Rd6 Rg4+ 55. Kb5 Be7 56. Rd3 Rg5+ 57. Ka4 h4 58. Re3 Bf8 59. Rh3 Kh5 60. Rf3 Rf5 61. Rxf5+ Kh6 62. Rxf8 Kg5 63. Kxa5 1-0